书目信息 |
| 题名: |
怎样做县档案馆工作
|
|
| 作者: | 盛彦 编 | |
| 分册: | ||
| 出版信息: | 北京 档案出版社 1984 |
|
| 页数: | 147页 | |
| 开本: | 19cm | |
| 丛书名: | ||
| 单 册: | ||
| 中图分类: | G271 , G270 | |
| 科图分类: | ||
| 主题词: | 县-档案工作 , 档案工作-县 , 档案学 , 档案工作 | |
| 电子资源: | ||
| ISBN: | ||
| 000 | 00726nam0 2200289 45 | |
| 001 | 0184004649 | |
| 005 | 20040506081028.5 | |
| 010 | @dCNY0.65 | |
| 091 | @a7283.014 | |
| 100 | @a19950630d1984 em y0chiy0121 ea | |
| 101 | 0 | @achi |
| 102 | @aCN@b110000 | |
| 105 | @ay z 000yy | |
| 106 | @ar | |
| 200 | 10 | @a怎样做县档案馆工作@Azen yang zuo xian dang an guan gong zuo@f盛彦编 |
| 210 | @a北京@c档案出版社@d1984 | |
| 215 | @a147页@d19cm | |
| 606 | @a县-档案工作 | |
| 606 | @a档案工作-县 | |
| 606 | 0 | @a档案学 |
| 606 | 0 | @a档案工作 |
| 690 | @aG271@v3 | |
| 690 | @aG270 | |
| 701 | 0 | @a盛彦@Asheng yan@4编 |
| 801 | 0 | @aCN@b上海图书馆@c20040506 |
| 801 | 2 | @aCN@bNLC@c20040506 |
| 905 | @f2@b173568-569@dG270@e21 | |
| 怎样做县档案馆工作/盛彦编.-北京:档案出版社,1984 |
| 147页;19cm |
| ISBN :CNY0.65 |
| ● |
| 相关链接 |
|
|
|
|
正题名:怎样做县档案馆工作
索取号:G270/21
 
预约/预借
| 序号 | 登录号 | 条形码 | 馆藏地/架位号 | 状态 | 备注 |
| 1 | 0173568 | 000989559 | 密集书库/ [索取号:G270/21] | 在馆 | |
| 2 | 0173569 | 000989568 | 密集书库/ [索取号:G270/21] | 在馆 | |
| 3 | 0173570 | 000989498 | 第一样本阅览室/ [索取号:G270/21] | 在馆 |